<?xml version="1.0" encoding="UTF-8"?>
<collection xmlns:xsi="http://www.w3.org/2001/XMLSchema-instance" xsi:schemaLocation="http://www.loc.gov/MARC21/slim http://www.loc.gov/standards/marcxml/schema/MARC21slim.xsd" xmlns="http://www.loc.gov/MARC21/slim">
 <record>
  <leader>00000cam a22000003i 4500</leader>
  <controlfield tag="001">UP-1685594773861860590</controlfield>
  <controlfield tag="003">Buklod</controlfield>
  <controlfield tag="005">20111203110554.0</controlfield>
  <controlfield tag="006">g||| |     ||   ||</controlfield>
  <controlfield tag="007">ta</controlfield>
  <controlfield tag="008">190304s2011    mau     r    |||| 0|eng d</controlfield>
  <datafield tag="020" ind1=" " ind2=" ">
   <subfield code="a">9780205708086</subfield>
  </datafield>
  <datafield tag="020" ind1=" " ind2=" ">
   <subfield code="a">0205708080</subfield>
  </datafield>
  <datafield tag="035" ind1=" " ind2=" ">
   <subfield code="a">(iLib)UPBAG-00008999577</subfield>
  </datafield>
  <datafield tag="037" ind1=" " ind2=" ">
   <subfield code="a">BC-61254</subfield>
   <subfield code="c">P5,980.00</subfield>
  </datafield>
  <datafield tag="040" ind1=" " ind2=" ">
   <subfield code="a">OLC</subfield>
   <subfield code="d">BAG</subfield>
   <subfield code="e">rda</subfield>
  </datafield>
  <datafield tag="041" ind1="0" ind2=" ">
   <subfield code="a">eng</subfield>
  </datafield>
  <datafield tag="090" ind1=" " ind2="0">
   <subfield code="a">BJ 1031</subfield>
   <subfield code="b">A66 2011</subfield>
  </datafield>
  <datafield tag="245" ind1="0" ind2="0">
   <subfield code="a">Applied ethics</subfield>
   <subfield code="b">a multicultural approach</subfield>
   <subfield code="c">edited by Larry May, Kai Wong, Jill Delston.</subfield>
  </datafield>
  <datafield tag="250" ind1=" " ind2=" ">
   <subfield code="a">Fifth edition.</subfield>
  </datafield>
  <datafield tag="264" ind1=" " ind2="1">
   <subfield code="a">Boston, Massachucetts</subfield>
   <subfield code="b">Prentice Hall</subfield>
   <subfield code="c">[2011]</subfield>
  </datafield>
  <datafield tag="300" ind1=" " ind2=" ">
   <subfield code="a">x, 576 pages</subfield>
   <subfield code="c">24 cm</subfield>
  </datafield>
  <datafield tag="336" ind1=" " ind2=" ">
   <subfield code="a">text</subfield>
   <subfield code="2">rdacontent</subfield>
  </datafield>
  <datafield tag="337" ind1=" " ind2=" ">
   <subfield code="a">unmediated</subfield>
   <subfield code="2">rdamedia</subfield>
  </datafield>
  <datafield tag="338" ind1=" " ind2=" ">
   <subfield code="a">volume</subfield>
   <subfield code="2">rdacarrier</subfield>
  </datafield>
  <datafield tag="504" ind1=" " ind2=" ">
   <subfield code="a">Includes bibliographical references (pages in various paging).</subfield>
  </datafield>
  <datafield tag="505" ind1="0" ind2=" ">
   <subfield code="a">Theoretical perspectives -- Utilitarianism / John Stuart Mill -- A simplified account of Kant's ethics / Onora O'Neil  -- A theory of justice / John Rawls -- On virtue ethics / Rosalind Hursthouse -- Hindu values / Debabrata Sen Sharma -- Images of relationship / Carol Gilligan.</subfield>
  </datafield>
  <datafield tag="505" ind1="0" ind2=" ">
   <subfield code="a">Human rights -- United Nations Universal Declaration of Human Rights -- Women's rights as human rights: toward a re-vision of human rights / Charlotte Bunch -- Islam, Islamic Law, and the dilemma of cultural legitimacy for universal human rights / Abdullahi Ahmed An-Na'im -- The African context of human rights / Claude Ake -- Asian justifications for human rights/ Daniel A. Bell -- A buddhist response to the nature of human rights / Kenneth K. Inada -- Conditions of an unforced consensus of human rights / Charles Taylor -- Democracy as a universal value / Amartya Sen.</subfield>
  </datafield>
  <datafield tag="505" ind1="0" ind2=" ">
   <subfield code="a">Environmental ethics -- The historical roots of our ecological crisis / Lynn White, Jr. -- animal liberation is an environmental ethic / Dale Jamieson -- Faking nature / Robert Elliot -- A good environment: just one of the set of human objectives / William Baxter -- Look to the mountain: reflections on Indigenous ecology / Gregory Cajete -- Environmental racism, American Indians, and monitored retrievable storage sites for radioactive waste / Shari Collins- Chibanian.</subfield>
  </datafield>
  <datafield tag="505" ind1="0" ind2=" ">
   <subfield code="a">Hunger and poverty -- Carrying capacity as an ethical concept / Garrett Hardin -- Feeding the hungry / Jan Narveson -- Famine, Affluence, and morality / Peter Singer -- A cosmopolitan perspective on the global economic order / Thomas Pogge -- Sex &amp; consequences: world population growth vs. reproductive rights / Margaret P. Battin -- Perils Amid promises of genetically modified / Mae-Wan Ho.</subfield>
  </datafield>
  <datafield tag="505" ind1="0" ind2=" ">
   <subfield code="a">War and Violence -- Just war theory / Douglas P. Lackey -- Was the [First] gulf war a just war? / Gregory S. Kavka -- Was the [second] Iraq war a just war? / Steven Lee -- Jus post bellum and the prosecution of Al Bashir for Darfur / Larry May -- A women's politics of resistance / Sara Ruddick -- Letter from the Birmingham City Jail / Martin Luther King, Jr.</subfield>
  </datafield>
  <datafield tag="505" ind1="0" ind2=" ">
   <subfield code="a">Gender roles and morality -- Gender and social construction: Who? what? when? where? how? ? Sally Haslanger -- Domestic violence against women and autonomy / Marilyn Friedman -- Is equality tearing families apart? / Joel Anderson -- Re-thinking civil unions and same-sex marriage / Brook J. Sadler -- Is it wri-ong to discriminate on the basis of homosexuality? / Jeff Jordan -- Justice, gender, and politics of multiculturalism / Sarah Song.</subfield>
  </datafield>
  <datafield tag="505" ind1="0" ind2=" ">
   <subfield code="a">Racial and ethnic discrimination -- Philosophical and social implications of race / Noami Zack -- Collective responsibility and multiple racial, ethnic, and cultural identities / Kai C. Wong -- Racisms / Kwame Anthony Appiah -- Affirmative action: the price of preference / Shelby Steele -- Should public policy be class conscious rather than color conscious / Amy Gutmann -- The color-blind principle ? Bernard Boxill.</subfield>
  </datafield>
  <datafield tag="650" ind1=" " ind2="0">
   <subfield code="a">Multiculturalism</subfield>
   <subfield code="x">Moral and ethical aspects.</subfield>
  </datafield>
  <datafield tag="700" ind1="1" ind2=" ">
   <subfield code="a">May, Larry</subfield>
   <subfield code="e">editor.</subfield>
  </datafield>
  <datafield tag="700" ind1="1" ind2=" ">
   <subfield code="a">Wong, Kai</subfield>
   <subfield code="e">editor.</subfield>
  </datafield>
  <datafield tag="700" ind1="1" ind2=" ">
   <subfield code="a">Delston, Jill</subfield>
   <subfield code="e">editor.</subfield>
  </datafield>
  <datafield tag="905" ind1=" " ind2=" ">
   <subfield code="a">FO</subfield>
  </datafield>
  <datafield tag="852" ind1="0" ind2=" ">
   <subfield code="a">UPBAG</subfield>
   <subfield code="b">UPBAG-MAIN</subfield>
   <subfield code="h">BJ 1031 A66 2011</subfield>
  </datafield>
  <datafield tag="942" ind1=" " ind2=" ">
   <subfield code="a">Book</subfield>
  </datafield>
 </record>
</collection>
